Normal view MARC view

Entry Personal Name

Number of records used in: 1

001 - CONTROL NUMBER

  • control field: 9748

003 - CONTROL NUMBER IDENTIFIER

  • control field: dpl

005 - DATE AND TIME OF LATEST TRANSACTION

  • control field: 20100810104503.0

008 - FIXED-LENGTH DATA ELEMENTS

  • fixed length control field: 100810|||a|||||| | ||| d

040 ## - CATALOGING SOURCE

  • Original cataloging agency: dpl
  • Transcribing agency: dpl

100 ## - HEADING--PERSONAL NAME

  • Personal name: Y. L. Nene

670 ## - SOURCE DATA FOUND

  • Source citation: Work cat.: (dpl): Saxena, R. C. 9744, A text book on ancient history of Indian agriculture /, 2009

670 ## - SOURCE DATA FOUND

  • Source citation: Work cat.: (dpl): Saxena, R. C. 9744, A text book on ancient history of Indian agriculture /, 2009

© Delhi Public Library
Hit Counter
free hit counter